000 02473nam a2200481 c 4500
003 BLK
005 20230407030354.0
008 180409b bul|||||r ||||||| ||bul||
010 _aKNG00131773000
020 _a978-954-01-2508-4
_bиздат.: Просвета - на том(ч. 1)
040 _aBLK
041 _aBUL
_cBUL
072 7 _2bullib
_aН82
_xЛитературознание Н
072 7 _2bullib
_aН372
_xУчебни предмети. Учебници Н
080 _aБългарска литература
_b821.163.2
_x(075.3)
_z821.163.2(075.3)
700 1 _aАтанасов, Владимир Атанасов
_eавт. на том
_9364026
700 1 _aМалинов, Ангел
_eсъавт. на том
_gЙорданов, Ангел Малинов
_9364847
700 1 _aЙорданов, Ангел Малинов
_e*
_9319839
139 _aБългарски език и литература
_bБ 92
245 1 0 _aБългарски език и литература
_bЧ. 1 - За том: ХІ кл.
_cавт. на том Владимир Атанасов Атанасов; съавт. на том Ангел Малинов; * Ангел Малинов Йорданов.
_nЧ. 1
_pЛитература
257 _aBGR
260 София
_c2011 -
_fСофия : ПК Д. Благоев
300 _c24 см
380 _a82
490 1 _aВсичко за матурата
500 _aПълното име на втория авт. е Ангел Малинов Йорданов.
650 4 _aБългарски език - учебници за средни училища
_9246721
650 4 _aБългарска литература - учебници за средни училища
_9242481
653 _aбългарски език
653 _aбългарска литература
653 _aматури
653 _aзрелостни изпити
653 _aучебници за средни училища
653 _aкандидат-студенти
653 _aХІ кл.
659 _aН
760 1 _3- на том(ч. 1)
_dПросвета, 2011
_h319 с. : с портр.
_nБиблиогр. след отд. раздели. - Съдържа и Речник на литературните термини.
_tЧ. 1 Литература
852 _aЦб 255618
856 4 _qpdf
_u
856 4 _qpdf
_u
942 _cKNG
_n0
_010
944 _aCR
_c27.06.2012
_lф /
_kВиолета_Тройчева
944 _aED
_c18.12.2012
_lф /
_k
999 _c126094
_d126094